平成に消滅・改称した長崎県の市町村 - Statistics

General Stats
  • This quiz has been taken 21 times
  • The average score is 49 of 68
Answer Stats
変更年月日 変更内容 回答 変更後の市町村 % Correct
2004.08/01 新設合併 福江市 五島市
100%
2004.03/01 新設合併 厳原町 対馬市
92%
2005.01/04 編入合併 伊王島町 長崎市
92%
2005.01/04 編入合併 高島町 長崎市
92%
2005.04/01 新設合併 西海町 西海市
92%
2004.03/01 新設合併 郷ノ浦町 壱岐市
85%
2004.08/01 新設合併 岐宿町 五島市
85%
2004.08/01 新設合併 上五島町 新上五島町
85%
2005.01/04 編入合併 香焼町 長崎市
85%
2005.01/04 編入合併 野母崎町 長崎市
85%
2005.03/01 新設合併 高来町 諫早市
85%
2005.03/01 新設合併 小長井町 諫早市
85%
2005.04/01 新設合併 西彼町 西海市
85%
2005.10/11 新設合併 国見町 雲仙市
85%
2005.10/11 新設合併 愛野町 雲仙市
85%
2006.03/31 編入合併 小佐々町 佐世保市
85%
2006.03/31 新設合併 南有馬町 南島原市
85%
2006.03/31 新設合併 有家町 南島原市
85%
2004.03/01 新設合併 豊玉町 対馬市
77%
2004.03/01 新設合併 上県町 対馬市
77%
2004.03/01 新設合併 上対馬町 対馬市
77%
2005.01/04 編入合併 外海町 長崎市
77%
2005.03/01 新設合併 諫早市 諫早市
77%
2005.03/01 新設合併 多良見町 諫早市
77%
2005.10/11 新設合併 小浜町 雲仙市
77%
2006.01/01 新設合併 鷹島町 松浦市
77%
2006.01/04 編入合併 琴海町 長崎市
77%
2006.03/31 新設合併 加津佐町 南島原市
77%
2006.03/31 新設合併 北有馬町 南島原市
77%
2006.03/31 新設合併 西有家町 南島原市
77%
2004.03/01 新設合併 美津島町 対馬市
69%
2004.03/01 新設合併 芦辺町 壱岐市
69%
2004.08/01 新設合併 富江町 五島市
69%
2004.08/01 新設合併 奈留町 五島市
69%
2004.08/01 新設合併 新魚目町 新上五島町
69%
2005.01/04 編入合併 三和町 長崎市
69%
2005.03/01 新設合併 森山町 諫早市
69%
2005.04/01 新設合併 崎戸町 西海市
69%
2005.10/01 新設合併 平戸市 平戸市
69%
2005.10/01 新設合併 大島村 平戸市
69%
2005.10/01 新設合併 生月町 平戸市
69%
2005.10/01 新設合併 田平町 平戸市
69%
2005.10/11 新設合併 吾妻町 雲仙市
69%
2005.10/11 新設合併 千々石町 雲仙市
69%
2006.01/01 編入合併 有明町 島原市
69%
2006.01/01 新設合併 松浦市 松浦市
69%
2006.03/31 新設合併 口之津町 南島原市
69%
2006.03/31 新設合併 布津町 南島原市
69%
2010.03/31 編入合併 江迎町 佐世保市
69%
2004.03/01 新設合併 峰町 対馬市
62%
2004.03/01 新設合併 勝本町 壱岐市
62%
2004.03/01 新設合併 石田町 壱岐市
62%
2004.08/01 新設合併 若松町 新上五島町
62%
2005.03/01 新設合併 飯盛町 諫早市
62%
2005.04/01 編入合併 吉井町 佐世保市
62%
2005.04/01 編入合併 世知原町 佐世保市
62%
2005.04/01 新設合併 大島町 西海市
62%
2005.04/01 新設合併 大瀬戸町 西海市
62%
2005.10/11 新設合併 南串山町 雲仙市
62%
2006.01/01 新設合併 福島町 松浦市
62%
2010.03/31 編入合併 鹿町町 佐世保市
62%
2004.08/01 新設合併 玉之浦町 五島市
54%
2004.08/01 新設合併 三井楽町 五島市
54%
2004.08/01 新設合併 有川町 新上五島町
54%
2004.08/01 新設合併 奈良尾町 新上五島町
54%
2005.10/11 新設合併 瑞穂町 雲仙市
54%
2006.03/31 編入合併 宇久町 佐世保市
54%
2006.03/31 新設合併 深江町 南島原市
54%
No matching quizzes found
Score Distribution
Percent of People with Each Score
Percentile by Number Answered
Your Score History
You have not taken this quiz